000 00279nam a22001337a 4500
008 170912b xxu||||| |||| 00| 0 eng d
020 _a9789951000758
041 _aALB
080 _a53
100 _a43
101 _aFIZ
245 _aFIZIKA
_cSKENDERI.S.S.H
942 _2udc
_cBK
999 _c27360
_d27360